00326nam a2200121Ia 4500003000500000005001700005008004100022020001500063100002300078245003300101260005700134300001300191SISC20180213160131.0180205s9999 xx 000 0 und d a9718170049 aAtienza, Theresita aBiology a modular approach / aManila, Philippinesbbooklore publishing housec1999 a90 pages